Discovering calculus with Mathematica (Record no. 7567)

000 -LEADER
fixed length control field 00456 a2200157 4500
020 ## - INTERNATIONAL STANDARD BOOK NUMBER
International Standard Book Number 0-471-00976-8
040 ## - CATALOGING SOURCE
Original cataloging agency DLC
082 ## - DEWEY DECIMAL CLASSIFICATION NUMBER
Classification number 515.0285
245 00 - TITLE STATEMENT
Title Discovering calculus with Mathematica
Statement of responsibility, etc. Cecilia A. Knoll ...
260 ## - PUBLICATION, DISTRIBUTION, ETC.
Place of publication, distribution, etc. New York :
Name of publisher, distributor, etc. Wiley,
Date of publication, distribution, etc. 1995
300 ## - PHYSICAL DESCRIPTION
Extent viii,340 s. :
Other physical details ill ;
Dimensions 26cm
650 #7 - SUBJECT ADDED ENTRY--TOPICAL TERM
Topical term or geographic name entry element Calculus
General subdivision Data processing
650 #7 - SUBJECT ADDED ENTRY--TOPICAL TERM
Topical term or geographic name entry element Calculus, Calculating equipment
700 1# - ADDED ENTRY--PERSONAL NAME
Personal name Knoll, Cecilia A.
Relator code oth
942 ## - ADDED ENTRY ELEMENTS (KOHA)
Koha item type Book
Call number prefix 515.0285 KNO
Source of classification or shelving scheme
Holdings
Withdrawn status Lost status Damaged status Not for loan Collection code Permanent Location Current Location Shelving location Date acquired Source of acquisition Total Checkouts Full call number Barcode Date last seen Price effective from Koha item type
          Central Library (CL) Central Library (CL) General Stacks 07/20/2002 Donation   515.0285 KNO SEECS002179 02/25/2025 01/05/2017 Book
© 2023 Central Library, National University of Sciences and Technology. All Rights Reserved.